000 00934nam a22002417i 4500
999 _c23361
_d23361
003 AR-CdUCM
008 250818b20202020 pe||||| |||| 00| 0 spa d
040 _aMUNICIPALIDAD PROVINCIAL DEL CUSCO
_cBIBLIOTECA MUNICIPAL DEL CUSCO
041 _hspa
082 _a301.6 / E92
_bE92
100 _aEstumbelo Aller, Fredy
_951363
245 _aLa Huella del Asháninka /
260 _aQuillabamba-Cusco :
_bUniversidad Nacional Intercultural de Quillabamba
_c2020
300 _a158 páginas. :
_c30x20 cm.
505 _aReseña histórica -- Los clanes -- La tierra que no pisará el niño -- La alimentación -- El masato -- Caza y pesca -- Viviendo con dos esposas -- El piri piri -- Kamarampi o Ayahuasca
650 _aHistoria
_951364
650 _aLa alimentacion
_951365
650 _aMasato
_951366
650 _aCasería de huanganas
_951367
650 _aLa muerte
_951368
942 _2ddc
_cLIBROS
945 _apbjr
_d18-08-2025